<?xml version="1.0" encoding="UTF-8"?>
<record
    xmlns:xsi="http://www.w3.org/2001/XMLSchema-instance"
    xsi:schemaLocation="http://www.loc.gov/MARC21/slim http://www.loc.gov/standards/marcxml/schema/MARC21slim.xsd"
    xmlns="http://www.loc.gov/MARC21/slim">

  <leader>00849cam a22002297a 4500</leader>
  <controlfield tag="001">85148</controlfield>
  <controlfield tag="003">BD-RjUL</controlfield>
  <controlfield tag="005">20250709095813.0</controlfield>
  <controlfield tag="008">250607s1950    ii      b     000 0 urd  </controlfield>
  <datafield tag="035" ind1=" " ind2=" ">
    <subfield code="a">(BD-RjUL)85148</subfield>
  </datafield>
  <datafield tag="040" ind1=" " ind2=" ">
    <subfield code="a">DLC</subfield>
    <subfield code="c">DLC</subfield>
    <subfield code="d">DLC</subfield>
    <subfield code="b">eng</subfield>
  </datafield>
  <datafield tag="041" ind1=" " ind2=" ">
    <subfield code="a">urd</subfield>
  </datafield>
  <datafield tag="082" ind1=" " ind2=" ">
    <subfield code="2">23</subfield>
    <subfield code="a">891.34914</subfield>
    <subfield code="b">ABI 1950</subfield>
  </datafield>
  <datafield tag="245" ind1="0" ind2="0">
    <subfield code="a">&#x627;&#x642;&#x628;&#x627;&#x644; &#x643;&#x64A; &#x634;&#x627;&#x639;&#x631;&#x64A; / Iqb&#x101;l k&#x12B; sh&#x101;&#x2BB;ir /</subfield>
    <subfield code="h">&#x639;&#x628;&#x62F;&#x627;&#x644;&#x645;&#x627;&#x644;&#x6A9; ;;Abdul Malek</subfield>
  </datafield>
  <datafield tag="260" ind1=" " ind2=" ">
    <subfield code="a">Dihl&#x12B; :</subfield>
    <subfield code="b">&#x645;&#x637;&#x628;&#x648;&#x639;&#x6C1; &#x646;&#x638;&#x627;&#x645;&#x6CC; &#x67E;&#x631;&#x6CC;&#x633;,</subfield>
    <subfield code="c">1950</subfield>
  </datafield>
  <datafield tag="300" ind1=" " ind2=" ">
    <subfield code="a">374 p. ;</subfield>
    <subfield code="c">23 cm.</subfield>
  </datafield>
  <datafield tag="490" ind1="1" ind2=" ">
    <subfield code="a">Silsilah-yi mat&#x324;b&#x16B;&#x2BB;&#x101;tadara i takbistanara ;</subfield>
    <subfield code="v">nambar 1</subfield>
  </datafield>
  <datafield tag="520" ind1=" " ind2=" ">
    <subfield code="a">Collection of articles on Sir Muhammad Iqbal, 1877-1938, Urdu poet; special number of Urdu periodicals Ris&#x101;lah-yi Urd&#x16B;.</subfield>
  </datafield>
  <datafield tag="600" ind1="1" ind2="0">
    <subfield code="a">Iqbal, Muhammad,</subfield>
    <subfield code="c">Sir,</subfield>
    <subfield code="d">1877-1938</subfield>
    <subfield code="x">Criticism and interpretation.</subfield>
    <subfield code="9">8392</subfield>
  </datafield>
  <datafield tag="942" ind1=" " ind2=" ">
    <subfield code="2">ddc</subfield>
    <subfield code="c">BK</subfield>
  </datafield>
  <datafield tag="999" ind1=" " ind2=" ">
    <subfield code="c">85148</subfield>
    <subfield code="d">85148</subfield>
  </datafield>
  <datafield tag="952" ind1=" " ind2=" ">
    <subfield code="0">0</subfield>
    <subfield code="1">0</subfield>
    <subfield code="2">ddc</subfield>
    <subfield code="4">0</subfield>
    <subfield code="7">1</subfield>
    <subfield code="8">NFIC</subfield>
    <subfield code="a">RUCL</subfield>
    <subfield code="b">RUCL</subfield>
    <subfield code="c">Reading</subfield>
    <subfield code="d">1975-08-04</subfield>
    <subfield code="l">0</subfield>
    <subfield code="o">U 891.34914 ABI 1950</subfield>
    <subfield code="r">2025-07-09 00:00:00</subfield>
    <subfield code="t">C-1</subfield>
    <subfield code="w">2025-07-09</subfield>
    <subfield code="y">BK</subfield>
  </datafield>
</record>
